000 00369 a2200121 4500
999 _c470
_d470
008 221017b ||||| |||| 00| 0 eng d
082 0 0 _a344.0463
_bB5752
245 _aCommentary on MARPOL: consolidated edition. Volume B
260 _aMumbai:
_bBhandarkar Publication,
_c2016.
300 _aB-96+371 p.
650 0 _aMarine pollution - Law and legislation
942 _2ddc
_cBK